• 首页
  • 本馆介绍
  • 公告通知
  • 最新文献
  • 馆藏检索
  • 电子资源
  • 读者导购
  • 参考咨询
  • 我的图书馆
  • 登录
  • 详细信息显示
  • 放入我的书架
  • 预约/预借图书
  • 作者相关作品
  • 分类相关作品
  • 丛书相关作品
  • 出版社相关作品

书目信息

  • 表格格式
  • 工作单格式
  • 卡片格式
题名:
苏东坡:旷达人生
    
 
作者: 范军 编著
分册:  
出版信息: 武汉   长江文艺出版社  1993
页数: 227页
开本: 19cm
丛书名: 中国圣贤人生丛书
单 册:
中图分类: K825.6 , B22
科图分类:
主题词: 先秦哲学
电子资源:
ISBN: 7-5354-1147-9
000 00848nam2 2200277 45
001 1155311367
005 20110927153012.75
010    @a7-5354-1147-9@dCNY9.00
100    @a19940712d1993 em y0chiy0121 ea
101 0  @achi
102    @aCN@b420000
105    @ay z 000yd
200 10 @a苏东坡:旷达人生@ASU DONG PO : KUANG DA REN SHENG@f范 军编著@FFAN JUN BIAN ZHU
210    @a武汉@c长江文艺出版社@d1993
215    @a227页@d19cm
225 2  @a中国圣贤人生丛书@f洪 质主编
330    @a本书展示了苏东坡对待仕途、婚恋、处世、交友等多方面的态度和人生哲理。
410  0 @120010@a中国圣贤人生丛书
540 1  @a苏东坡 人生@ASU DONG PO REN SHENG
600  0 @a苏轼@x人物研究
606 0  @a先秦哲学
690    @aK825.6@v三版
690    @aB22@v4
701  0 @a范军@AFAN JUN@4编著
801  0 @aCN@bTSSF@c19940712
905    @a10447@dB22@eJY10
    
    苏东坡:旷达人生/范 军编著.-武汉:长江文艺出版社,1993
    227页;19cm.-(中国圣贤人生丛书/洪 质主编)
    
    
    ISBN 7-5354-1147-9:CNY9.00
    本书展示了苏东坡对待仕途、婚恋、处世、交友等多方面的态度和人生哲理。
●
相关链接 在E读中查询图书 在五车中查询图书 在当当中查询图书 在豆瓣中查询图书


正题名:苏东坡:旷达人生     索取号:B22/JY10         预约/预借

序号 登录号 条形码 馆藏地/架位号 状态 备注
1 7824340   278243401   学院路分馆/ [索取号:B22/JY10] 在馆    
2 7824341   278243410   学院路分馆/ [索取号:B22/JY10] 在馆    
3 7824342   278243429   学院路分馆/ [索取号:B22/JY10] 在馆    
4 7824343   278243438   学院路分馆/ [索取号:B22/JY10] 在馆    
5 7824344   278243447   学院路分馆/ [索取号:B22/JY10] 在馆    
唐山师范学院图书馆 欢迎您!
大连网信软件有限公司© 版权所有